[Event "Udaipur Holi Cup 6th"]
[Site "Udaipur"]
[Date "2024.04.02"]
[Round "5"]
[White "Choudhary, Jitendra Kumar"]
[Black "Vatsal, Singla"]
[Result "0-1"]
[WhiteElo "1855"]
[BlackElo "1795"]
[PlyCount "154"]
[EventDate "2024.03.31"]
[EventType "swiss"]
[EventRounds "9"]
[EventCountry "IND"]
[SourceTitle "CB16_2024"]
[SourceDate "2024.04.17"]
[SourceVersion "1"]
[SourceVersionDate "2024.04.17"]
[SourceQuality "1"]

1. e4 c5 2. Nf3 d6 3. d4 cxd4 4. Nxd4 Nf6 5. Nc3 a6 6. Bg5 e6 7. f4 h6 8. Bh4 Qb6 9. a3 Be7 10. Bf2 Qc7 11. Qf3 b5 12. g4 Nbd7 13. Bg2 Bb7 14. h4 Nc5 15. Qe2 d5 16. e5 Nfe4 17. Bxe4 Nxe4 18. Nxe4 dxe4 19. Rh3 Bd5 20. Qd2 h5 21. gxh5 Rxh5 22. a4 b4 23. b3 g5 24. Qe2 Rh8 25. Qg4 gxf4 26. Qxf4 f6 27. Qg3 Qxe5 28. Qxe5 fxe5 29. Ne2 Kd7 30. Kd2 Raf8 31. Be3 Rf3 32. Rah1 Rxh3 33. Rxh3 Rxh4 34. Rxh4 Bxh4 35. Bc5 Bg5+ 36. Kd1 e3 37. Bxb4 Bf3 38. c4 Ke8 39. Bc3 Kf7 40. Bxe5 Kg6 41. Ke1 Kf5 42. Bc7 Ke4 43. b4 Kd3 44. Nc1+ Kxc4 45. b5 axb5 46. axb5 Kxb5 47. Ne2 Kc4 48. Bf4 Bh4+ 49. Bg3 Be7 50. Kf1 Bb4 51. Ng1 Bg4 52. Ne2 Kd3 53. Nc1+ Ke4 54. Be1 Bd6 55. Kg2 Ba3 56. Na2 Kd3 57. Kg3 Bh5 58. Kf4 Bd6+ 59. Kg5 Bd1 60. Kf6 Bg4 61. Kg5 Bf5 62. Kh4 Ke2 63. Ba5 Kf1 64. Nc3 e2 65. Nb5 Bc5 66. Kg3 e1Q+ 67. Bxe1 Kxe1 68. Kf4 Kd2 69. Ke5 Ke3 70. Nc7 Bd4+ 71. Kd6 e5 72. Nd5+ Kd3 73. Ne7 Be4 74. Ke6 Bb7 75. Kf5 e4 76. Kf4 e3 77. Nf5 e2 0-1

[Event "Udaipur Holi Cup 6th"]
[Site "Udaipur"]
[Date "2024.04.02"]
[Round "6"]
[White "Vatsal, Singla"]
[Black "Soham, Roy1"]
[Result "1/2-1/2"]
[WhiteElo "1795"]
[BlackElo "1871"]
[PlyCount "75"]
[EventDate "2024.03.31"]
[EventType "swiss"]
[EventRounds "9"]
[EventCountry "IND"]
[SourceTitle "CB16_2024"]
[SourceDate "2024.04.17"]
[SourceVersion "1"]
[SourceVersionDate "2024.04.17"]
[SourceQuality "1"]

1. e4 e5 2. Nf3 Nc6 3. Bb5 f5 4. Nc3 fxe4 5. Nxe4 d5 6. Nxe5 dxe4 7. Nxc6 Qg5 8. Qe2 Nf6 9. f4 Qxf4 10. Nxa7+ Bd7 11. Bxd7+ Kxd7 12. Qb5+ Ke6 13. Qb3+ Kd7 14. Qxb7 Bd6 15. Qb5+ Ke6 16. Qb3+ Kd7 17. Qf7+ Be7 18. Nc6 Kxc6 19. Qxe7 Rae8 20. Qa3 Ng4 21. Qg3 Qxg3+ 22. hxg3 Re6 23. 0-0 Rg6 24. a4 Nf6 25. d3 Rxg3 26. Bf4 Rg6 27. dxe4 Nxe4 28. a5 Nc5 29. Rf3 Na6 30. Re1 Rb8 31. Rc3+ Kd7 32. Rd1+ Kc8 33. b3 Rb5 34. Ra1 Rb4 35. Bg3 Rbg4 36. Kf2 h5 37. Rh1 R6g5 38. Rh4 1/2-1/2

[Event "IND-ch U15 48th"]
[Site "Jalgaon"]
[Date "2024.01.02"]
[Round "9"]
[White "Vatsal, Singla"]
[Black "Vignesh, Advaith Vemula"]
[Result "1-0"]
[WhiteElo "1714"]
[BlackElo "2028"]
[PlyCount "83"]
[EventDate "2023.12.27"]
[EventType "swiss"]
[EventRounds "11"]
[EventCountry "IND"]
[SourceTitle "CB02_2024"]
[SourceDate "2024.01.10"]
[SourceVersion "1"]
[SourceVersionDate "2024.01.10"]
[SourceQuality "1"]

1. e4 c5 2. c3 d5 3. exd5 Qxd5 4. d4 Nc6 5. Nf3 Bf5 6. Be3 Nf6 7. Na3 cxd4 8. Bc4 Qa5 9. Nxd4 Nxd4 10. Bxd4 e5 11. Bb5+ Bd7 12. Bxd7+ Nxd7 13. Nc4 Qd5 14. Qe2 f6 15. 0-0 Be7 16. Be3 0-0 17. Rad1 Qe6 18. Rd2 Rfc8 19. Rfd1 Nf8 20. Na5 Qxa2 21. Nxb7 Rab8 22. Nc5 Bxc5 23. Bxc5 Ne6 24. Ba3 Qb3 25. h3 Qa4 26. Rd6 Qb3 27. Qg4 Re8 28. Rd7 Red8 29. Rxd8+ Nxd8 30. Rd7 Nf7 31. Rxa7 Rd8 32. Rd7 Rxd7 33. Qxd7 h5 34. Qc8+ Kh7 35. Qf5+ Kh6 36. Bc5 Qd1+ 37. Kh2 Qd8 38. Be3+ g5 39. h4 Qd6 40. b4 e4+ 41. g3 Qe5 42. hxg5+ 1-0

[Event "IND-ch 59th"]
[Site "New Delhi"]
[Date "2023.01.01"]
[Round "11"]
[White "Rathnakaran, Kantholi"]
[Black "Vatsal, Singla"]
[Result "1-0"]
[WhiteElo "2304"]
[BlackElo "1504"]
[PlyCount "75"]
[EventDate "2022.12.22"]
[EventType "swiss"]
[EventRounds "13"]
[EventCountry "IND"]
[SourceTitle "CBM 211 Extra"]
[Source "ChessBase"]
[SourceDate "2023.01.31"]
[SourceVersion "1"]
[SourceVersionDate "2023.01.31"]
[SourceQuality "1"]

1. e4 c5 2. Nf3 d6 3. c3 Nf6 4. h3 Nc6 5. Bd3 d5 6. e5 Nd7 7. Qe2 c4 8. Bc2 e6 9. 0-0 Be7 10. b3 b5 11. d3 cxb3 12. axb3 d4 13. cxd4 Nb6 14. Nc3 a6 15. Ne4 Nd5 16. Bd1 h6 17. Bd2 Bb7 18. Ng3 Qb6 19. Be3 Rc8 20. Ne4 Ncb4 21. Ne1 Qd8 22. Qg4 g6 23. Qe2 Nc3 24. Nxc3 Rxc3 25. Qd2 Rc7 26. Bf3 Bxf3 27. Nxf3 Rc2 28. Qd1 Rc3 29. Ne1 Qd5 30. Rb1 Kf8 31. Bxh6+ Kg8 32. Bd2 Rc7 33. Nf3 Kg7 34. Qe2 Rhc8 35. Qe3 Kg8 36. Qh6 Bf8 37. Qh4 Bg7 38. Bxb4 1-0

[Event "IND-ch U15 47th"]
[Site "New Delhi"]
[Date "2022.12.05"]
[Round "10"]
[White "Vatsal, Singla"]
[Black "Raihaan, Zahid"]
[Result "0-1"]
[WhiteElo "1504"]
[BlackElo "1676"]
[PlyCount "68"]
[EventDate "2022.11.28"]
[EventType "swiss"]
[EventRounds "11"]
[EventCountry "IND"]
[SourceTitle "CBM 211 Extra"]
[Source "ChessBase"]
[SourceDate "2023.01.31"]
[SourceVersion "1"]
[SourceVersionDate "2023.01.31"]
[SourceQuality "1"]

1. e4 e5 2. Nf3 Nc6 3. d4 exd4 4. Bc4 Nf6 5. e5 d5 6. Bb5 Ne4 7. Nxd4 Bc5 8. 0-0 Bd7 9. Bxc6 bxc6 10. f3 Ng5 11. Be3 0-0 12. f4 Ne4 13. Nd2 Qe7 14. c3 f6 15. N2f3 Rab8 16. Qc1 Rbe8 17. Qd1 Kh8 18. Kh1 Bb6 19. Nc2 Bg4 20. Bxb6 cxb6 21. Nb4 Qc7 22. Nd3 c5 23. Qe1 a5 24. h3 Bc8 25. Rd1 Ba6 26. Kg1 Kg8 27. Qh4 fxe5 28. fxe5 Qc6 29. Rfe1 h6 30. Qg4 Bc8 31. Qh4 g5 32. Qh5 Ng3 33. Qxe8 Rxe8 34. Kh2 Ne4 0-1